| 000 | 00570nam a2200205 a 4500 | ||
|---|---|---|---|
| 001 | 101 | ||
| 003 | CO-ViMGA | ||
| 008 | 141112s2004 ck r 000 u spa d | ||
| 040 |
_aCO-ViMGA _bspa _cCO-ViMGA |
||
| 082 | 0 | 4 |
_a813.5 _bS74e |
| 100 | 1 |
_aStine, R.L _910741 |
|
| 245 | 1 | 0 |
_aEscalofrios / _cR. L. Stine _bSangre de monstruo : |
| 260 |
_aBarcelona : _bNorma, _c1995 |
||
| 300 | _a120 p | ||
| 490 | _aEscolofrios | ||
| 650 | 1 | 4 |
_aCUENTOS DE TERROR _93494 |
| 650 | 1 | 4 |
_aCUENTOS JUVENILES ESTADOUNIDENSES _91905 |
| 650 | 1 | 4 |
_aMONSTRUOS - CUENTOS _910826 |
| 942 |
_2ddc _cBK |
||
| 999 |
_c12353 _d12353 |
||